[Event "NK Senioren enVeteranen 2025"]
[Site "Dieren, Netherlands"]
[Date "2025.07.13"]
[Round "2"]
[White "Van Rijn, Anton"]
[Black "Knuiman, Jan"]
[Result "0-1"]
[BlackElo "1987"]
[BlackFed "NED"]
[BlackFideId "6777430"]
[WhiteElo "2215"]
[WhiteFed "NED"]
[WhiteFideId "6064949"]
[WhiteTitle "CM"]

1.Nf3 c5 2.c4 Nc6 3.g3 d6 4.d4 cxd4 5.Nxd4 Bd7 6.Bg2 Nxd4 7.Qxd4 Bc6 8.e4 Nf6
9.Nc3 g6 10.b3 Bg7 11.Bb2 O-O 12.Qd2 Qa5 13.Rd1 Rad8 14.O-O Rfe8 15.Rfe1 Qh5
16.h3 Bd7 17.Qe2 Qxe2 18.Rxe2 Bc6 19.Red2 Nd7 20.Ne2 Bxb2 21.Rxb2 Nc5 22.f3 f5
23.exf5 gxf5 24.Rbd2 Ne6 25.Kf2 Kf7 26.Nc3 Nc7 27.Bf1 Rf8 28.Be2 b6 29.f4 Rd7
30.Bh5+ Kg7 31.Bf3 Bxf3 32.Kxf3 Rf6 33.Rc1 Kf7 34.Nd5 Rh6 35.Ne3 e6 36.Rcd1 Ke7
37.Kg2 Ne8 38.g4 fxg4 39.hxg4 Rg6 40.Kf3 Rh6 41.Re2 Kf7 42.g5 Rg6 43.Rh2 Kg8
44.Ng4 Rc7 45.Re1 Rc5 46.Rh6 Ng7 47.Nf6+ Kf7 48.Rxh7 Rf5 49.Ke3 e5 50.Ne4 exf4+
51.Kf3 Kg8 52.Reh1 Kf7 53.Rh8 Re5 54.R1h7 Rge6 55.Nf2 Rxg5 56.Ng4 Reg6 57.Nh6+
Ke6 58.Kxf4 Rg2 59.Rb8 Nh5+ 60.Kf3 R6g3+ 61.Ke4 Nf6+  0-1

[Event "NK Senioren enVeteranen 2025"]
[Site "Dieren, Netherlands"]
[Date "2025.07.13"]
[Round "2"]
[White "Dijkstra, Matthijs"]
[Black "Vogel, Jaap"]
[Result "1/2-1/2"]
[BlackElo "1980"]
[BlackFed "NED"]
[BlackFideId "7374433"]
[BlackTitle "FM"]
[WhiteElo "2095"]
[WhiteFed "NED"]
[WhiteFideId "8482364"]

1.c4 e6 2.g3 c6 3.Nf3 d5 4.b3 a5 5.Bg2 Nf6 6.O-O a4 7.cxd5 axb3 8.dxc6 Qb6 9.Bb2
Rxa2 10.cxb7 Bxb7 11.Rxa2 bxa2 12.Qa4+ Nc6 13.Qxa2 Be7 14.Na3 Nb4 15.Qb3 Bd5
16.Nc4 Qa6 17.d3 O-O 18.Ra1 Qb7 19.Rb1 Qa6 20.Bc3 Nc6 21.Ra1 Rb8 22.Qxb8+ Nxb8
23.Rxa6 Nxa6 24.Nfe5 Bxg2 25.Kxg2 Nd5 26.Bd2 Ndb4 27.f4 f6 28.Nd7 Nc6 29.Bc3
Kf7 30.Kf3 Ke8 31.Ndb6 Bc5 32.e3 Nc7 33.d4 Bf8 34.Bb2 Nb5 35.g4 Be7 36.f5 exf5
37.gxf5 g5 38.Nc8 Bd8 39.N8d6+ Nxd6 40.Nxd6+ Kd7 41.Ne4 Nb4 42.Nc5+ Kc6 43.e4
h5 44.h3 Be7 45.Ne6 Nd3 46.Bc3 Kb5 47.Ke3 Kc4 48.Ba1 Nb4 49.Kd2 g4 50.h4 g3
51.Ke2 Nd3 52.Kf3 Bd6 53.e5 fxe5 54.dxe5 Nxe5+ 55.Kxg3 Ng6+ 56.Kh3 Nf4+ 57.Nxf4
Bxf4 58.Bg7 Kd5 59.Kg2 Ke4 60.f6 Be5 61.Kf2 Kf5  1/2-1/2

[Event "NK Senioren enVeteranen 2025"]
[Site "Dieren, Netherlands"]
[Date "2025.07.13"]
[Round "2"]
[White "Lootsma, Jan"]
[Black "Duch ne, Ren "]
[Result "1-0"]
[BlackElo "2089"]
[BlackFed "NED"]
[BlackFideId "7440774"]
[WhiteElo "2004"]
[WhiteFed "NED"]
[WhiteFideId "5975519"]

1.e4 c5 2.Nf3 g6 3.c3 d5 4.e5 a6 5.d4 Nc6 6.Be2 Bg7 7.O-O f6 8.Bf4 fxe5 9.dxe5
Nh6 10.Re1 O-O 11.Qd2 Nf7 12.Rd1 e6 13.Qe3 b6 14.h4 Qc7 15.Nbd2 Nfxe5 16.Bg3
Bf6 17.b4 cxb4 18.cxb4 Qg7 19.Rac1 d4 20.Qb3 d3 21.Bxd3 Qe7 22.Be4 Bb7 23.Nxe5
Nxe5 24.Bxb7 Qxb7 25.Bxe5 Bxe5 26.Qxe6+ Qf7 27.Qxe5 Qxf2+ 28.Kh1 Qxh4+ 29.Qh2
Qxb4 30.Rc7 h5 31.Qg3 Rf6 32.Nf3 Raf8 33.Rdd7 Qb1+ 34.Kh2 R8f7 35.Ng5 Rxd7
36.Rxd7 Rf8 37.Qc7 Qb2 38.Qc4+  1-0

[Event "NK Senioren enVeteranen 2025"]
[Site "Dieren, Netherlands"]
[Date "2025.07.13"]
[Round "2"]
[White "Van Helvoort, Rob"]
[Black "Voogt, Bob"]
[Result "1/2-1/2"]
[BlackElo "2029"]
[BlackFed "NED"]
[BlackFideId "6194419"]
[WhiteElo "2079"]
[WhiteFed "NED"]
[WhiteFideId "6139320"]

1.e4 Nf6 2.e5 Nd5 3.d4 d6 4.c4 Nb6 5.exd6 exd6 6.h3 Nc6 7.Nf3 Be7 8.Be2 Bf5
9.O-O O-O 10.Nc3 Re8 11.Bf4 Bf6 12.Re1 h6 13.g4 Bh7 14.Qd2 Ne7 15.Rad1 c6 16.b3
d5 17.c5 Nd7 18.Bd3 Bxd3 19.Qxd3 Nf8 20.Bg3 Ne6 21.Rxe6 fxe6 22.h4 g6 23.Ne2 h5
24.gxh5 gxh5 25.Nf4 Nf5 26.Nxe6 Rxe6 27.Qxf5 Re7 28.Kg2 Rg7 29.Re1 Qf8 30.Re6
Be7 31.Qxh5 Qf7 32.Qe5 Rf8 33.Qe3 Bd8 34.Ng5 Qh5 35.f4 Bxg5 36.fxg5 Rgf7 37.Rh6
Qf3+ 38.Qxf3 Rxf3 39.Be5 R3f5 40.g6 Rxe5 41.dxe5 Rf5 42.Rh7 Rxe5 43.Rxb7 d4
44.Rd7 Rxc5 45.Rxd4 Kg7 46.Rc4 Ra5 47.Rxc6 Rxa2+ 48.Kf3 Ra3 49.h5 Rxb3+ 50.Ke4
Rb4+ 51.Kd3 Rh4 52.Rc7+ Kg8 53.Rc5 Kg7 54.Ra5 a6 55.Ke3 Kh6 56.Kf3 Kg7 57.Kg3
Rh1 58.Kg2 Rh4 59.Kf3 Kh6 60.Rg5 Kg7 61.Ke3 Rh1 62.Kd3 Rh4 63.Kc3 Rh3+ 64.Kb4
Re3 65.Ka5 Re6 66.Rf5 Kg8 67.Rg5 Kg7 68.h6+ Kxh6 69.g7 Kxg5 70.g8=Q+ Kf6 71.Kb4
Ke5 72.Kc5 Rf6 {[%cal ,Gg8d5]}73.Qd5+ Kf4 74.Kd4 Kg4 75.Ke3 Rf5 76.Qe6 Kg5
77.Qxa6 Re5+ 78.Kf3 Kf5 79.Qh6 Re6 80.Qh5+ Kf6 81.Kf4 Ke7 82.Qd5 Rd6 83.Qb7+
Ke6 84.Ke4 Kf6 85.Qc7 Ke6 86.Qc8+ Kf6 87.Qf5+ Ke7 88.Ke5 Rc6 89.Qh7+ Ke8
90.Qg8+ Ke7 91.Qg7+ Kd8 92.Qf8+ Kd7 93.Kd5 Rb6 94.Qf7+ Kd8 95.Kc5 Ra6 96.Qd5+
Kc7 97.Qe5+ Kb7 98.Qd5+ Kb8 99.Kb5 Ra7 100.Qd8+ Kb7 101.Qb6+ Ka8 102.Kc6 Rc7+
103.Kd6 Rd7+ 104.Kc5 Rc7+ 105.Kd5 Rd7+ 106.Ke6 Re7+ 107.Kxe7  1/2-1/2

[Event "NK Senioren enVeteranen 2025"]
[Site "Dieren, Netherlands"]
[Date "2025.07.13"]
[Round "2"]
[White "Massink, Henk"]
[Black "Uylings, Peter"]
[Result "0-1"]
[BlackElo "2038"]
[BlackFed "NED"]
[BlackFideId "6564679"]
[WhiteElo "1909"]
[WhiteFed "NED"]
[WhiteFideId "6263829"]

1.b3 e5 2.Bb2 Nc6 3.e3 Nf6 4.Bb5 Bd6 5.Na3 Na5 6.Be2 c6 7.c4 O-O 8.Nc2 c5 9.d4
Nc6 10.Nf3 e4 11.Nd2 Re8 12.dxc5 Bxc5 13.O-O Qe7 14.Nb1 d6 15.a3 Ne5 16.Nc3 Bg4
17.Nd5 Nxd5 18.Bxg4 Nf6 19.Be2 Rad8 20.Nb4 Bxb4 21.axb4 d5 22.c5 a6 23.Bd4 Qd7
24.Ra2 Qf5 25.Bxe5 Qxe5 26.Rd2 Re6 27.Rd4 Ne8 28.Qd2 Rh6 29.h3 Qg5 30.Kh1 Nc7
31.Rd1 Re8 32.Bf1 Rf6 33.Qe2 h5 34.g3 Re5 35.R4d2 Ref5 36.h4 Qh6 37.Qe1 g5
38.hxg5 Rxg5 39.Bh3 Rf3 40.Kh2 Qg6 41.Bg2 Rf6 42.Qh1 h4 43.gxh4 Qh5 44.Kg1 Rg4
45.Qh2 Rfg6 46.f3 exf3 47.Qxc7 Rxg2+ 48.Rxg2 Rxg2+ 49.Kf1 Rg1+  0-1

[Event "NK Senioren enVeteranen 2025"]
[Site "Dieren, Netherlands"]
[Date "2025.07.13"]
[Round "2"]
[White "Beukema, Henk Jan"]
[Black "Schakel, Tim"]
[Result "1-0"]
[BlackElo "2033"]
[BlackFed "NED"]
[BlackFideId "7440422"]
[WhiteElo "1981"]
[WhiteFed "NED"]
[WhiteFideId "7264455"]

1.e4 c5 2.Nf3 Nc6 3.c3 Nf6 4.e5 Nd5 5.Bc4 e6 6.O-O Nb6 7.Bb3 c4 8.Bc2 d6 9.exd6
Qxd6 10.Qe2 Bd7 11.b3 cxb3 12.axb3 Be7 13.d4 Qd5 14.Rd1 Qh5 15.Nbd2 Nd5 16.Bb2
O-O 17.Ne4 Nf4 18.Qe3 Nd5 19.Qd2 Nf6 20.Ng3 Qb5 21.Re1 Qb6 22.Qd3 Rfd8 23.Ba3
g6 24.Qd2 Kg7 25.h4 Bxa3 26.Rxa3 h5 27.Ne5 Be8 28.Qg5 Qc7 29.Re3 Qe7 30.Nxc6
Bxc6 31.Nf5+  1-0

[Event "NK Senioren enVeteranen 2025"]
[Site "Dieren, Netherlands"]
[Date "2025.07.13"]
[Round "2"]
[White "Boersma, Jan"]
[Black "Ten Ham, John"]
[Result "1-0"]
[BlackElo "1972"]
[BlackFed "NED"]
[BlackFideId "8224557"]
[WhiteElo "2105"]
[WhiteFed "NED"]
[WhiteFideId "6027274"]

1.e4 c5 2.Nc3 Nc6 3.Bb5 g6 4.Bxc6 dxc6 5.d3 Bg7 6.Be3 b6 7.Qd2 Nf6 8.h3 O-O
9.Nf3 Be6 10.Bh6 Qc8 11.Bxg7 Kxg7 12.O-O Rd8 13.Qg5 h6 14.Qe3 Qc7 15.b3 Bd7
16.Ne2 e5 17.Nd2 Re8 18.a4 Nh5 19.f4 exf4 20.Nxf4 Nxf4 21.Rxf4 Qe5 22.Raf1 Be6
23.Kh1 Re7 24.Nc4 Bxc4 25.bxc4 Rd8 26.Qf3 Rdd7 27.Rf6 Rc7 28.Qf2 Qd4 29.Qf4 Qe5
 1-0

[Event "NK Senioren enVeteranen 2025"]
[Site "Dieren, Netherlands"]
[Date "2025.07.13"]
[Round "2"]
[White "Hageman, Ger"]
[Black "Brongers, Henk"]
[Result "1-0"]
[BlackElo "2055"]
[BlackFed "FRA"]
[BlackFideId "7081019"]
[WhiteElo "2002"]
[WhiteFed "NED"]
[WhiteFideId "8195231"]

1.d4 Nf6 2.c4 g6 3.Nc3 Bg7 4.e4 d6 5.Nf3 O-O 6.Be2 Na6 7.Be3 e5 8.O-O Qe7 9.h3
c6 10.d5 c5 11.Ne1 Kh8 12.Nd3 Ng8 13.a3 f5 14.f3 Bh6 15.Bf2 Nf6 16.b4 b6 17.Qb3
Nh5 18.b5 Nc7 19.a4 Nf4 20.Nxf4 Bxf4 21.a5 fxe4 22.Nxe4 Bf5 23.Bd3 Bxe4 24.Bxe4
Qg5 25.h4 Qf6 26.Ra2 g5 27.g3 gxh4 28.gxf4 h3 29.fxe5 Qg5+ 30.Bg3 Qxg3+ 31.Kh1
Qxe5 32.Qb2 Rae8 33.Qxe5+ Rxe5 34.axb6 axb6 35.Rfa1 Rg8 36.Ra7 Re7 37.Rb7 Reg7
38.Ra2 Rg1+ 39.Kh2 R1g2+ 40.Rxg2 hxg2 41.Kg1 Rg7 42.Rb8+ Rg8 43.Rxb6 Rd8 44.Rb7
Ne8 45.Rxh7+ Kg8 46.Ra7 Nf6 47.Kxg2 Nd7 48.Bf5 Nb6 49.Bd3 Nd7 50.Kf2 Kf8 51.Ke3
Re8+ 52.Kd2 Re7 53.f4 Kf7 54.Ra6 Nb8 55.Rxd6 Ra7 56.Rb6 Ra2+ 57.Ke3 Nd7 58.Bf5
Ra3+ 59.Ke4 Nf6+ 60.Ke5 Re3+ 61.Kd6 Rf3 62.Be6+ Kg7 63.f5 Ne4+ 64.Ke7 Rd3 65.d6
 1-0

[Event "NK Senioren enVeteranen 2025"]
[Site "Dieren, Netherlands"]
[Date "2025.07.13"]
[Round "2"]
[White "Houweling, Bert"]
[Black "Burer, Audry"]
[Result "1/2-1/2"]
[BlackElo "1926"]
[BlackFed "NED"]
[BlackFideId "6016725"]
[WhiteElo "2027"]
[WhiteFed "NED"]
[WhiteFideId "6203637"]

1.e4 d6 2.d4 Nf6 3.Nc3 c6 4.f4 Qa5 5.e5 dxe5 6.fxe5 Ne4 7.Qf3 Nxc3 8.Bd2 Qd5
9.Bxc3 Qxf3 10.Nxf3 Bf5 11.O-O-O e6 12.Bd3 Bxd3 13.Rxd3 Be7 14.Nd2 Na6 15.Rg3
O-O 16.Ne4 Rad8 17.a3 c5 18.Rd1 Kh8 19.Rgd3 cxd4 20.Rxd4 Rxd4 21.Rxd4 Nb8
22.Kd2 (22.Nd6 Nc6 23.Ra4 )22...Nc6 23.Rd7 Rd8 24.Rxd8+ Nxd8  1/2-1/2

[Event "NK Senioren enVeteranen 2025"]
[Site "Dieren, Netherlands"]
[Date "2025.07.13"]
[Round "2"]
[White "Hummel, Joop"]
[Black "De Vries, Leon"]
[Result "1-0"]
[BlackElo "2019"]
[BlackFed "NED"]
[BlackFideId "7359990"]
[WhiteElo "1972"]
[WhiteFed "NED"]
[WhiteFideId "7534857"]

1.d4 Nf6 2.c4 g6 3.Nc3 d5 4.cxd5 Nxd5 5.e4 Nxc3 6.bxc3 Bg7 7.Nf3 c5 8.Rb1 O-O
9.Be2 Nc6 10.d5 Ne5 11.Nxe5 Bxe5 12.Qd2 e6 13.f4 Bc7 14.O-O exd5 15.exd5 Ba5
16.Rb3 Qd6 17.Rb5 b6 18.Rxa5 bxa5 19.c4 Re8 20.Bb2 Rb8 21.Bd3 f6 22.Bc3 Bf5
23.Bxf5 gxf5 24.Qd3 Re4 25.Qg3+ Kf7 26.Qh3 Rxc4 27.Qxh7+ Kf8 28.Qh6+ Ke8 29.Be5
Qxd5 30.Bxb8 Rc2 31.Re1+ Kd7 32.Qg7+ Kc6 33.Qxf6+ Kb7 34.Re7+ Ka8 35.Rxa7+ Kxb8
36.Qb6+  1-0

[Event "NK Senioren enVeteranen 2025"]
[Site "Dieren, Netherlands"]
[Date "2025.07.13"]
[Round "2"]
[White "Drent, Sjoerd"]
[Black "Elskamp, Dries"]
[Result "1/2-1/2"]
[BlackElo "1914"]
[BlackFed "NED"]
[BlackFideId "7175300"]
[WhiteElo "2019"]
[WhiteFed "NED"]
[WhiteFideId "7266765"]

1.e4 c5 2.b3 Nc6 3.Bb2 d5 4.exd5 Qxd5 5.Nf3 Nf6 6.Nc3 Qd8 7.Bb5 Bd7 8.O-O e6
9.Re1 Be7 10.d3 O-O 11.Bxc6 Bxc6 12.Ne5 Qc7 13.Ne2 Rad8 14.Ng3 Kh8 15.Qe2 b5
16.a4 bxa4 17.Nxc6 Qxc6 18.Rxa4 Qb7 19.Rea1 Rd7 20.Nh5 Nxh5 21.Qxh5 Ra8 22.Rg4
f6 23.Qf7 Bf8 24.Qxe6 Re7 25.Qc4 Rae8 26.Rf1 Re6 27.h3 Qc7 28.Bc3 Qe7 29.Bd2
Qb7 30.Be3 Qc6 31.Rg3 Bd6 32.Rf3 Qc7 33.Bf4 Bxf4 34.Qxf4 Qa5 35.Re3 Rxe3
36.fxe3 Qd2 37.e4 Qxc2 38.e5 Qxd3 39.exf6 Qd4+ 40.Qxd4 cxd4 41.f7 Rf8 42.Rd1
Rxf7 43.Rxd4 h6  1/2-1/2

[Event "NK Senioren enVeteranen 2025"]
[Site "Dieren, Netherlands"]
[Date "2025.07.14"]
[Round "3"]
[White "Baarslag, Ed"]
[Black "Cornelisse, John"]
[Result "1/2-1/2"]
[BlackElo "2158"]
[EventDate "2025.??.??"]
[PlyCount "83"]
[WhiteElo "2059"]

1.e4 c6 2.d4 d5 3.Nc3 dxe4 4.Nxe4 Nf6 5.Nxf6+ exf6 6.Be3 Na6 7.a3 Bd6 8.Bd3 O-O
9.Ne2 Re8 10.O-O Nc7 11.c4 Ne6 12.Qc2 g6 13.Rad1 f5 14.d5 cxd5 15.cxd5 Ng5
16.Qc1 Ne4 17.Bf4 Nc5 18.Bxd6 Qxd6 19.Nc3 Bd7 20.b4 Ne4 21.Bxe4 fxe4 22.Rfe1 f5
23.Qd2 Rac8 24.Ne2 Rc4 25.Rc1 Rec8 26.Rxc4 Rxc4 27.h4 e3 28.Qxe3 Re4 29.Qd2 Qe7
30.d6 Qe6 31.f3 Re5 32.Kf2 Rd5 33.Qa2 Rxd6 34.Qxe6+ Bxe6 35.Nf4 Kf7 36.Nxe6
Rxe6 37.Rc1 Re7 38.g4 fxg4 39.fxg4 h6 40.Kf3 Kf6 41.Rc5 Ke6 42.a4  1/2-1/2

[Event "NK Senioren enVeteranen 2025"]
[Site "Dieren, Netherlands"]
[Date "2025.07.14"]
[Round "3"]
[White "Bottema, Tom"]
[Black "Poelstra, Ben"]
[Result "1-0"]
[WhiteElo "2166"]
[BlackElo "2036"]
[PlyCount "61"]
[EventDate "2025.??.??"]

1. g3 d5 2. Bg2 Nf6 3. d3 e5 4. Nf3 Nc6 5. a3 Bd6 6. O-O Bg4 7. b4 a5 8. b5 Na7
9. a4 c6 10. c4 dxc4 11. dxc4 O-O 12. Bb2 Qe7 13. Nbd2 b6 14. h3 Bd7 15. c5
Bxc5 16. Nxe5 Rac8 17. Ne4 Nxe4 18. Qxd7 Qxd7 19. Nxd7 Rfe8 20. Bxe4 Rxe4 21.
Nxc5 bxc5 22. b6 Rb4 23. Ba3 Rxb6 24. Bxc5 Rb7 25. Rab1 Rd7 26. Rfd1 Rdc7 27.
Rd3 f6 28. Rbd1 Kf7 29. Bb6 Re7 30. Rd7 Ra8 31. Bc5 1-0

[Event "NK Senioren enVeteranen 2025"]
[Site "Dieren, Netherlands"]
[Date "2025.07.14"]
[Round "3"]
[White "Uylings, Peter"]
[Black "Hoogland, Dirk"]
[Result "1/2-1/2"]
[BlackElo "2137"]
[BlackFed "NED"]
[BlackFideId "5985199"]
[BlackTitle "CM"]
[WhiteElo "2038"]
[WhiteFed "NED"]
[WhiteFideId "6564679"]

1.e4 c5 2.Nf3 g6 3.d4 cxd4 4.Nxd4 Bg7 5.Nc3 Nc6 6.Be3 Nf6 7.Bc4 O-O 8.Bb3 a5
9.O-O a4 10.Nxa4 Nxe4 11.Nb5 Ra6 12.Qe2 d6 13.Rad1 Bd7 14.c4 Nf6 15.c5 Na5
16.cxd6 Nxb3 17.axb3 exd6 18.Nxd6 Qc7 19.Qc4 Qxc4 20.Nxc4 Bxa4 21.bxa4 Rxa4
22.b3 Ra2  1/2-1/2

[Event "NK Senioren enVeteranen 2025"]
[Site "Dieren, Netherlands"]
[Date "2025.07.14"]
[Round "3"]
[White "Ellenbroek, Ton"]
[Black "Schouten, Nico"]
[Result "1/2-1/2"]
[BlackElo "2068"]
[BlackFed "NED"]
[BlackFideId "6066027"]
[BlackTitle "IM"]
[WhiteElo "2002"]
[WhiteFed "NED"]
[WhiteFideId "7339552"]

1.d4 Nf6 2.c4 g6 3.Nc3 Bg7 4.e4 d6 5.Be2 O-O 6.h4 h5 7.Nf3 Bg4 8.Be3 c6 9.Qc2
Na6 10.O-O Qd7 11.Ng5 Bxe2 12.Qxe2 Nc7 13.f3 b5 14.e5 Nfe8 15.f4 e6 16.Nce4
bxc4 17.Qxc4 Nd5 18.Bd2 c5 19.dxc5 dxe5 20.c6 Qc7 21.fxe5 Rc8 22.Nf3 Qb6+
23.Qc5 Rxc6 24.Qxb6 axb6 25.Rac1 Rxc1 26.Rxc1 Nec7 27.Bg5 Ra8 28.a3 Ne8 29.Rc6
Bf8 30.Nd4 Rb8 31.Nd6 Bg7 32.Nf3 Kf8 33.Nb5 Ne7 34.Rc4 Nf5 35.Bd2 Kg8 36.Bc3
Bh6 37.Kf2 Be3+ 38.Ke2 Bc5 39.Kd3 Rd8+ 40.Bd4 f6 41.Kc3 Ne3 42.Bxe3 Bxe3
43.Nfd4 fxe5 44.Nxe6 Rd1 45.Re4 Bf2 46.Ng5 Rd5 47.a4 Rc5+ 48.Rc4 Rxc4+ 49.Kxc4
Bxh4 50.Nf3 Bf6 51.Kd5 e4 52.Nfd4 e3 53.Ke4 e2 54.Nxe2 Bxb2 55.Nec3 Nf6+ 56.Ke5
Kg7 57.Kd6 Ba3+ 58.Nxa3 g5 59.Nc4 h4 60.Nd5 Ne4+ 61.Ke5 Nc5 62.Ncxb6 g4 63.a5
h3 64.gxh3 gxh3 65.Ne3 h2 66.Nf5+ Kg6 67.Ng3 Kg5 68.Nh1 Kg4 69.Kd5 Kf3 70.Kxc5
Kg2 71.a6 Kxh1 72.a7 Kg1 73.a8=Q h1=Q 74.Qa1+ Kh2 75.Qe5+ Kg2 76.Nc4 Qc1
77.Qe2+ Kg3 78.Qe5+ Qf4 79.Qc3+ Qf3 80.Ne3 Qf8+ 81.Kd5 Qa8+  1/2-1/2

[Event "NK Senioren enVeteranen 2025"]
[Site "Dieren, Netherlands"]
[Date "2025.07.14"]
[Round "3"]
[White "Mijnheer, Peter"]
[Black "Beukema, Henk Jan"]
[Result "1-0"]
[BlackElo "1981"]
[BlackFed "NED"]
[BlackFideId "7264455"]
[WhiteElo "2153"]
[WhiteFed "NED"]
[WhiteFideId "6884757"]

1.d4 Nf6 2.c4 e6 3.Nc3 Bb4 4.f3 d5 5.a3 Bxc3+ 6.bxc3 b6 7.cxd5 exd5 8.e3 O-O
9.Bd3 Re8 10.Ne2 c5 11.O-O Ba6 12.Ng3 Bxd3 13.Qxd3 Nc6 14.Bb2 Qe7 15.Rae1 Rad8
16.e4 Kh8 17.exd5 Qxe1 18.Rxe1 Rxe1+ 19.Kf2 c4 20.Qd2 Re7 21.dxc6 Rc7 22.Nf5
Rxc6 23.Qg5 g6 24.Nh6 Kg7 25.Ng4 Nxg4+ 26.Qxg4 Re6 27.Bc1 Rde8 28.d5 Re2+
29.Kg3 Rc2 30.Be3 h5 31.Qd4+ f6 32.Bg5 Re5 33.Bxf6+ Kxf6 34.f4  1-0

[Event "NK Senioren enVeteranen 2025"]
[Site "Dieren, Netherlands"]
[Date "2025.07.14"]
[Round "3"]
[White "Homs, Guust"]
[Black "Schriemer, Oene"]
[Result "1/2-1/2"]
[BlackElo "2056"]
[EventDate "2025.??.??"]
[PlyCount "72"]
[WhiteElo "2113"]

1.e4 c5 2.Nf3 g6 3.c3 Nc6 4.d4 d5 5.exd5 Qxd5 6.Be3 Bg4 7.Be2 Bg7 8.h3 Bf5
9.dxc5 Qxd1+ 10.Bxd1 Nf6 11.Nd4 Bd7 12.Nd2 Nd5 13.Bf3 Nxe3 14.fxe3 O-O 15.N2b3
a5 16.Rd1 a4 17.Nxc6 Bxc6 18.Bxc6 bxc6 19.Nd4 Rfc8 20.Nc2 Rab8 21.Nb4 a3
22.bxa3 Bxc3+ 23.Ke2 Bxb4 24.axb4 Rxb4 25.Rb1 Ra4 26.Rb2 Rca8 27.Ra1 Rc4 28.a4
Rxc5 29.Rb7 e6 30.Rc7 Rca5 31.Rd1 Rd5 32.Ra1 Ra6 33.Rc1 c5 34.Rc4 Kg7 35.g4 g5
36.R7xc5 Rxc5  1/2-1/2

[Event "NK Senioren enVeteranen 2025"]
[Site "Dieren, Netherlands"]
[Date "2025.07.14"]
[Round "3"]
[White "Vogel, Jaap"]
[Black "Boersma, Jan"]
[Result "1/2-1/2"]
[BlackElo "2105"]
[EventDate "2025.??.??"]
[PlyCount "27"]
[WhiteElo "1980"]

1.d4 Nf6 2.Nf3 b6 3.Bg5 Bb7 4.e3 d6 5.c4 Nbd7 6.Nc3 h6 7.Bh4 g5 8.Bg3 Nh5 9.Bd3
Nxg3 10.hxg3 Bg7 11.Qc2 c5 12.d5 a6 13.a4 Qc7 14.Bf5  1/2-1/2

[Event "NK Senioren enVeteranen 2025"]
[Site "Dieren, Netherlands"]
[Date "2025.07.14"]
[Round "3"]
[White "Voogt, Bob"]
[Black "Dijkstra, Matthijs"]
[Result "0-1"]
[BlackElo "2095"]
[BlackFed "NED"]
[BlackFideId "8482364"]
[WhiteElo "2029"]
[WhiteFed "NED"]
[WhiteFideId "6194419"]

1.e4 c6 2.d4 d5 3.Nc3 dxe4 4.Nxe4 Nf6 5.Nxf6+ exf6 6.c3 Bd6 7.Bd3 O-O 8.Qc2 h6
9.Ne2 Re8 10.O-O Qc7 11.h3 Nd7 12.Be3 Nf8 13.Rad1 Be6 14.b3 Rad8 15.c4 g5
16.Qd2 Qe7 17.d5 cxd5 18.cxd5 Bxd5 19.Bxa7 Be4 20.Nc1 Qe5 21.g3 Bc6 22.Qc2 Kg7
23.Be3 Qd5  0-1

[Event "NK Senioren enVeteranen 2025"]
[Site "Dieren, Netherlands"]
[Date "2025.07.14"]
[Round "3"]
[White "Hageman, Ger"]
[Black "Van Helvoort, Rob"]
[Result "0-1"]
[BlackElo "2079"]
[EventDate "2025.??.??"]
[PlyCount "48"]
[WhiteElo "2002"]

1.d4 e6 2.c4 b6 3.Nf3 Bb7 4.g3 Bb4+ 5.Bd2 Bxf3 6.Bxb4 Bxh1 7.f3 f5 8.Kf2 Nf6
9.Kg1 Bxf3 10.exf3 Nc6 11.Ba3 Ne7 12.Nc3 O-O 13.Bg2 Re8 14.f4 c6 15.d5 exd5
16.cxd5 Nexd5 17.Nxd5 Nxd5 18.Bxd5+ cxd5 19.Qxd5+ Kh8 20.Qxf5 Re2 21.Rd1 Qe8
22.Rxd7 Qe3+ 23.Kh1 Qf3+ 24.Kg1 Qg2#  0-1

[Event "NK Senioren enVeteranen 2025"]
[Site "Dieren, Netherlands"]
[Date "2025.07.14"]
[Round "3"]
[White "Jonkman, Fokke"]
[Black "Van Rijn, Anton"]
[Result "0-1"]
[WhiteElo "2007"]
[BlackElo "2215"]
[PlyCount "56"]
[EventDate "2025.??.??"]

1. c4 e6 2. Nf3 d5 3. e3 Nf6 4. b3 c5 5. Bb2 Nc6 6. g3 d4 7. Bg2 e5 8. exd4
exd4 9. O-O Be7 10. d3 O-O 11. Re1 Bd6 12. Nbd2 h6 13. Ne4 Nxe4 14. dxe4 Bg4
15. h3 Bh5 16. g4 Bg6 17. Bf1 Re8 18. Bd3 Qf6 19. Kg2 Re6 20. Bc1 Qe7 21. e5
Nxe5 22. Nxe5 Rxe5 23. Rxe5 Qxe5 24. f4 Be4+ 25. Kf2 Qe7 26. Bxe4 Qxe4 27. Qf3
Qc2+ 28. Qe2 Qc3 0-1

[Event "NK Senioren enVeteranen 2025"]
[Site "Dieren, Netherlands"]
[Date "2025.07.14"]
[Round "3"]
[White "Duch ne, Ren "]
[WhiteElo "2089"]
[WhiteFideId "7440774"]
[WhiteFed "NED"]
[Black "Massink, Henk"]
[BlackElo "1909"]
[BlackFideId "6263829"]
[BlackFed "NED"]
[Result "1/2-1/2"]

1. c4 b6 2. Nc3 e6 3. e4 Bb7 4. Nge2 Ne7 5. g3 f5 6. d3 g6 7. Bg2 Bg7 8. O-O O-O 9. Be3 fxe4 10. dxe4 Nbc6 11. f4 e5 12. Qd2 d6 13. Rac1 Kh8 14. Nd5 Qd7 15. b4 Rad8 16. a4 a5 17. c5 dxc5 18. bxc5 Nb4 19. Nec3 c6 20. Nxb4 Qxd2 21. Bxd2 Rxd2 22. Nc2 exf4 23. Nb1 Rd3 24. gxf4 bxc5 25. e5 Bh6 26. Ne1 Rd4 27. Rxc5 Rfxf4 28. Rxa5 Rxf1+ 29. Kxf1 Rd1 30. Nc3 Bd2 31. Nxd1 Bxa5 32. Be4 Kg8 33. Ne3 Kf7 34. Nd3 Ba6 35. Kg2 Bxd3 36. Bxd3 Ke6 37. Nc4 Bc7 38. a5 Bxe5 39. Nxe5 Kxe5 40. a6 Nc8 41. Kf3 Kd4 42. Bb1 Ke5 43. Kg4 Kf6 44. h4 1/2-1/2

[Event "NK Senioren enVeteranen 2025"]
[Site "Dieren, Netherlands"]
[Date "2025.07.14"]
[Round "3"]
[White "Burer, Audry"]
[Black "Drent, Sjoerd"]
[Result "1/2-1/2"]
[BlackElo "2019"]
[BlackFed "NED"]
[BlackFideId "7266765"]
[WhiteElo "1926"]
[WhiteFed "NED"]
[WhiteFideId "6016725"]

1.e4 e6 2.d3 d5 3.Nd2 c5 4.Ngf3 Nc6 5.g3 Nf6 6.Bg2 Be7 7.O-O O-O 8.e5 Nd7 9.Re1
Qc7 10.Qe2 f6 11.exf6 Nxf6 12.Nf1 Nd4 13.Nxd4 cxd4 14.Bf4 Qb6 15.Rab1 Re8
16.Nd2 Bd7 17.Nf3 Bd6 18.Be5 Bxe5 19.Qxe5 Rac8 20.Re2 Ng4 21.Qxd4 Qxd4 22.Nxd4
Kf7 23.Rbe1 Nf6 24.Bh3 e5 25.Bxd7 Nxd7 26.Nb5 Rc6 27.Nxa7 Rb6 28.a4 Ra8 29.Nb5
Rxa4 30.Nc3 Ra5 31.b3 Rc6 32.Nd1 Ra2 33.c4 Rxe2 34.Rxe2 Rb6 35.cxd5  1/2-1/2

[Event "NK Senioren enVeteranen 2025"]
[Site "Dieren, Netherlands"]
[Date "2025.07.14"]
[Round "3"]
[White "Elskamp, Dries"]
[Black "Bus, Tom"]
[Result "0-1"]
[WhiteElo "1914"]
[BlackElo "2089"]
[PlyCount "82"]
[EventDate "2025.??.??"]

1. d4 Nf6 2. c4 c5 3. Nf3 cxd4 4. Nxd4 b6 5. Nc3 Bb7 6. f3 e6 7. e4 d6 8. Be3
a6 9. Be2 Nbd7 10. Rc1 Be7 11. O-O O-O 12. Qd2 Qc7 13. Rfd1 Rac8 14. Bf1 Rfe8
15. Qf2 Qb8 16. Kh1 Bd8 17. Nb3 Bc7 18. g3 Kh8 19. Bh3 Ne5 20. Na4 Nxf3 21. Bg2
Ne5 22. Qc2 Neg4 23. Bg1 b5 24. cxb5 axb5 25. Nc3 b4 26. Ne2 Bb6 27. Qd3 Qa7
28. Ned4 Qa8 29. Re1 d5 30. e5 Ne4 31. Rf1 Ba6 32. Rxc8 Rxc8 33. Qf3 Nxe5 34.
Qh5 Bxf1 35. Qxe5 Bxg2+ 36. Kxg2 Qb8 37. Qh5 e5 38. Nf3 Bxg1 39. Kxg1 Qb6+ 40.
Kg2 Qf2+ 41. Kh3 Qxf3 0-1

[Event "NK Senioren enVeteranen 2025"]
[Site "Dieren, Netherlands"]
[Date "2025.07.14"]
[Round "3"]
[White "Brongers, Henk"]
[Black "Ten Ham, John"]
[Result "1/2-1/2"]
[BlackElo "1972"]
[EventCountry "NED"]
[EventDate "2025.07.12"]
[EventRounds "7"]
[EventType "swiss"]
[GameId "2199554889048932"]
[PlyCount "113"]
[WhiteElo "2055"]
[WhiteFideId "-1"]

1.e4 c5 2.Nf3 d6 3.d4 cxd4 4.Nxd4 Nf6 5.Nc3 a6 6.Bc4 e6 7.Bb3 Be7 8.Be3 Nc6
9.Qe2 O-O 10.O-O-O Qc7 11.g4 Nxd4 12.Rxd4 b5 13.g5 Nd7 14.f4 Nc5 15.Kb1 Nxb3
16.cxb3 Bd7 17.Rhd1 Qb7 18.Qe1 Bc6 19.Bc1 b4 20.Na4 d5 21.exd5 Bxd5 22.f5 Rac8
23.f6 Bd6 24.Bf4 Qc7 25.Bxd6 Qxd6 26.Rxb4 Qxh2 27.Nc3 Qg2 28.Qe3 Rfd8 29.Rbd4
Re8 30.Rg1 Qh2 31.Rd2 Qh5 32.Qd3 Qg6 33.Qxg6 fxg6 34.Nxd5 exd5 35.Rxd5 gxf6
36.gxf6 Rc6 37.b4 Rxf6 38.b5 axb5 39.Rxb5 h5 40.Rxh5 Re1+ 41.Rxe1 gxh5 42.Kc2
h4 43.Rh1 Rf2+ 44.Kc3 Rf3+ 45.Kc4 h3 46.Rh2 Kf7 47.a4 Ke6 48.a5 Kd6 49.b4 Kc6
50.b5+ Kb7 51.Kd4 Ra3 52.Kc5 Rc3+ 53.Kb4 Rg3 54.Rb2 Rg2 55.Rb3 Rg4+ 56.Kc5 Rg5+
57.Kc4  1/2-1/2